00621cam a22002051 450000100070000000500170000700800410002401000170006504000180008204100080010008000180010808200180012610000070014410100080015124500810015990600450024094200120028599900170029795201010031427471820171215052307.0730522s1939 nyu 000 0 eng  a 39027818  aDLCcDLCdDLC aeng a192.0822 EDW00a192.0822 EDW1 a24 aMJE14aThe English philosophers :cedited, with an introduction, by Edwin A. Burtt. a7bcbccorignewdueocipf19gy-gencatlg 2ddccBK c39000d39000 00102ddc4070a002b002d2017-12-15l0o192.0822 EDWp002-2939141r2017-12-15w2017-12-15yBK